Cómo era bahía blanca en el futuro : visiones del porvenir en la prensa del siglo xix /

Guardado en:
Autor Principal: Chauvié, Omar
Formato: Libro
Publicado: Bahía Blanca : Municipalidad de Bahía Blanca / Instituto Cultural, 2008
Materias:
Etiquetas: Agregar Etiqueta
Sin Etiquetas, Sea el primero en etiquetar este registro!
LEADER 01027nam a22002295a 4500
001 CEM.cems012882
005 20080527083643.0
008 130507s2008##################000#0#####d
003 CEMS
082 0 4 |a F982.1 
100 1 |a Chauvié, Omar 
245 1 0 |a Cómo era bahía blanca en el futuro :  |b visiones del porvenir en la prensa del siglo xix /  |c Prólogo y Selección de Textos Omar Chauvié 
260 |a Bahía Blanca :  |b Municipalidad de Bahía Blanca / Instituto Cultural,  |c 2008 
300 |a 46 p. 
500 |a Los textos recopilados hablan de las esperanzas y los temores de quienes vivieron aquí hace más de un siglo, proyectadas al futuro. 
653 |a Bahía blanca 
653 |a Historia de bahía blanca 
653 |a Bahía blanca-historia 
859 |a CEMS  |b BIB. CEMS - 11 de abril  |h F982.1  |i 32  |p 2201.44  |t Ej.2 
859 |a CEMS  |b BIB. CEMS - 11 de abril  |h F982.1  |i 32  |p 2202.44  |t Ej.1 
859 |a CEMS  |b BIB. CEMS - 11 de abril  |h F982.1  |i 32  |p 2212.44  |t Ej.3 
859 |a CEMS  |b BIB. CEMS - 11 de abril  |h F982.1  |i 32  |p 2215.44  |t Ej.4